000 00981nam a2200265Ia 4500
003 OSt
005 20220923211239.0
006 a|||||r|||| 00| 0
007 ta
008 220922b |||||||| |||| 00| 0 san d
020 _a9788174791931 (hbk)
_c595
024 _a317,214
037 _b301, 09/03/2017, Eastern Book Linkers
_cTextual
040 _aARTS
_cARTS
_bsan
041 _2san
_asan
082 _aO15,1A2(R4), 152Q7
100 _aअग्रवाल, देवी दयाल, ले.
_9160019
245 0 _aमहाभारत में शिष्टाचार
246 _ahinābhārat mean shiṣhṭāchāra
260 _aनई दिल्ली
_b कावेरी बुक्स
_c2017
300 _a288पृ0
_ccm.
650 _aमहाभारत
942 _hO15,1A2(R4), 152Q7
_cTEXL
_2CC
999 _c297601
_d297601